The Executive Guide to Artificial Intelligence How to identify and implement applications for AI in your organization /

This book takes a pragmatic and hype-free approach to explaining artificial intelligence and how it can be utilised by businesses today. At the core of the book is a framework, developed by the author, which describes in non-technical language the eight core capabilities of Artificial Intelligence (...

Πλήρης περιγραφή

Λεπτομέρειες βιβλιογραφικής εγγραφής
Κύριος συγγραφέας: Burgess, Andrew (Συγγραφέας, http://id.loc.gov/vocabulary/relators/aut)
Συγγραφή απο Οργανισμό/Αρχή: SpringerLink (Online service)
Μορφή: Ηλεκτρονική πηγή Ηλ. βιβλίο
Γλώσσα:English
Έκδοση: Cham : Springer International Publishing : Imprint: Palgrave Macmillan, 2018.
Έκδοση:1st ed. 2018.
Θέματα:
Διαθέσιμο Online:Full Text via HEAL-Link
LEADER 04290nam a2200505 4500
001 978-3-319-63820-1
003 DE-He213
005 20191025151218.0
007 cr nn 008mamaa
008 171115s2018 gw | s |||| 0|eng d
020 |a 9783319638201  |9 978-3-319-63820-1 
024 7 |a 10.1007/978-3-319-63820-1  |2 doi 
040 |d GrThAP 
050 4 |a HD28-70 
072 7 |a KJMV6  |2 bicssc 
072 7 |a BUS087000  |2 bisacsh 
072 7 |a KJMV6  |2 thema 
072 7 |a PDG  |2 thema 
082 0 4 |a 658.514  |2 23 
100 1 |a Burgess, Andrew.  |e author.  |4 aut  |4 http://id.loc.gov/vocabulary/relators/aut 
245 1 4 |a The Executive Guide to Artificial Intelligence  |h [electronic resource] :  |b How to identify and implement applications for AI in your organization /  |c by Andrew Burgess. 
250 |a 1st ed. 2018. 
264 1 |a Cham :  |b Springer International Publishing :  |b Imprint: Palgrave Macmillan,  |c 2018. 
300 |a XIII, 181 p. 15 illus., 1 illus. in color.  |b online resource. 
336 |a text  |b txt  |2 rdacontent 
337 |a computer  |b c  |2 rdamedia 
338 |a online resource  |b cr  |2 rdacarrier 
347 |a text file  |b PDF  |2 rda 
505 0 |a Chapter1 Don't Believe the Hype -- Chapter2 Why now? -- Chapter3 AI Capabilities Framework -- Chapter4 Enhancing Customer Service -- Chapter5 Business Process Optimisation -- Chapter6 Enhanced Decision Making -- Chapter7 Predicting Behaviours -- Chapter8 Associated Technologies -- Chapter9 What Could Possibly Go Wrong? -- Chapter10 An AI Assessment Tool -- Chapter11 Chief Robotics Officer? -- Chapter12 Where Next For AI? -- Chapter13 Future Scenarios. 
520 |a This book takes a pragmatic and hype-free approach to explaining artificial intelligence and how it can be utilised by businesses today. At the core of the book is a framework, developed by the author, which describes in non-technical language the eight core capabilities of Artificial Intelligence (AI). Each of these capabilities, ranging from image recognition, through natural language processing, to prediction, is explained using real-life examples and how they can be applied in a business environment. It will include interviews with executives who have successfully implemented AI as well as CEOs from AI vendors and consultancies. AI is one of the most talked about technologies in business today. It has the ability to deliver step-change benefits to organisations and enables forward-thinking CEOs to rethink their business models or create completely new businesses. But most of the real value of AI is hidden behind marketing hyperbole, confusing terminology, inflated expectations and dire warnings of 'robot overlords'. Any business executive that wants to know how to exploit AI in their business today is left confused and frustrated. As an advisor in Artificial Intelligence, Andrew Burgess regularly comes face-to-face with business executives who are struggling to cut through the hype that surrounds AI. The knowledge and experience he has gained in advising them, as well as working as a strategic advisor to AI vendors and consultancies, has provided him with the skills to help business executives understand what AI is and how they can exploit its many benefits. Through the distilled knowledge included in this book business leaders will be able to take full advantage of this most disruptive of technologies and create substantial competitive advantage for their companies. 
650 0 |a Management. 
650 0 |a Industrial management. 
650 0 |a Business. 
650 0 |a Artificial intelligence. 
650 1 4 |a Innovation/Technology Management.  |0 http://scigraph.springernature.com/things/product-market-codes/518000 
650 2 4 |a Popular Science in Business and Management.  |0 http://scigraph.springernature.com/things/product-market-codes/Q42000 
650 2 4 |a Artificial Intelligence.  |0 http://scigraph.springernature.com/things/product-market-codes/I21000 
710 2 |a SpringerLink (Online service) 
773 0 |t Springer eBooks 
776 0 8 |i Printed edition:  |z 9783319638195 
776 0 8 |i Printed edition:  |z 9783319638218 
776 0 8 |i Printed edition:  |z 9783319876450 
856 4 0 |u https://doi.org/10.1007/978-3-319-63820-1  |z Full Text via HEAL-Link 
912 |a ZDB-2-BUM 
950 |a Business and Management (Springer-41169)